Pancikaranam of Sri Sankaracharya (Record no. 343018)

MARC details
000 -LEADER
fixed length control field 004450000a22001810004500
005 - DATE AND TIME OF LATEST TRANSACTION
control field 20120302053506.0
040 ## - CATALOGING SOURCE
Original cataloging agency ENG
100 ## - MAIN ENTRY--PERSONAL NAME
Personal name Sankaracharya
245 ## - TITLE STATEMENT
Title Pancikaranam of Sri Sankaracharya
250 ## - EDITION STATEMENT
Edition statement 2nd
260 ## - PUBLICATION, DISTRIBUTION, ETC. (IMPRINT)
Place of publication, distribution, etc Calcutta:Advaita Ashrama, 5 Dehi Entally Road 14,1972
300 ## - PHYSICAL DESCRIPTION
Extent xxii,64p
365 ## - TRADE PRICE
Price amount Rs.2.00
650 ## - SUBJECT ADDED ENTRY--TOPICAL TERM
Topical term or geographic name as entry element Philosophy
650 ## - SUBJECT ADDED ENTRY--TOPICAL TERM
Topical term or geographic name as entry element Upanishad
650 ## - SUBJECT ADDED ENTRY--TOPICAL TERM
Topical term or geographic name as entry element Sankaracharya-Pancikaranam
942 ## - ADDED ENTRY ELEMENTS (KOHA)
Koha item type Book
Holdings
Withdrawn status Lost status Damaged status Not for loan Home library Current library Date acquired Total Checkouts Barcode Date last seen Price effective from
        Institute For Oriental Study, Thane Institute For Oriental Study, Thane 12/02/2009   IOS-2062 12/02/2009 12/02/2009